Представление документа в формате RUSMARC

ПолеНазваниеЗначение
  Тип записи a
  Библиографический уровень m
001 Контрольный номер Book/7324
005 Дата корректировки 20231114095001.7
010 Индекс ISBN __
a ISBN 978-5-386-00442-2
9 Тираж 3 000 экз.
d Цена 15 р.
090 Данные записи __
a Состояние записи 87.7
b Тип записи Книги
c Язык записи Русский
d Отрасль знаний (КСУ) Другая
e Секретность Несекретно
g Вид записи Монография (однотомник)
x Дата передачи записи для обработки Н76
100 Данные общей обработки __
a Данные общей обработки 20101124d2013 u u 1rusy ||||ca
101 Язык документа 0_
a Язык текста rus
105 Кодированные данные (монография) __
a Кодированные данные (монография) a z 000yy
200 Заглавие и сведения об ответственности 1_
a Заглавие О пользе провокаций. Самая циничная падонковская книга
f Первые сведения об ответственности Д. Ногез
g Последующие сведения об ответственности пер. с фр. И. С. Бородычевой
210 Выходные данные 1_
a Место издания Москва
c Издательство РИПОЛ КЛАССИК
d Дата издания 2008
215 Физическое описание __
a Объем 192 с.
686 Индексы других классификаций __
a Классификационный индекс 87.77
2 Код системы rubbk
700 Автор _1
a Фамилия Ногез
b Имя (инициалы) Д.
801 Источник записи _0
a Страна RU
b Организация МБУК ЦБС г. Ульяновска
c Дата составления 20101125
801 Источник записи _1
a Страна RU
b Организация МБУК ЦБС г. Ульяновска
c Дата составления 20101125
899 Данные о местонахождении __
3 Книга № 13940
a Местонахождение 9 ф
d Название фонда Инв.книга №1
q Состояние Свободно
x Инвентарный номер 142563